Finanz- und Investitionswirtschaft in der Unternehmung

Uložené v:
Podrobná bibliografia
Hlavný autor: Möser, Heinz Dieter
Médium: Kniha
Jazyk:German
Vydavateľské údaje: Landsberg am Lech Moderne Industrie 1993
Vydanie:2. überarb. Aufl.
Predmet:
Tagy: Pridať tag
Žiadne tagy, Buďte prvý, kto otaguje tento záznam!

MARC

LEADER 00000nam a2200000 4500
001 c010221
005 20221214082110.8
020 |a 3-478-39332-9 
041 0 |a ger 
044 |a DE 
245 1 0 |a Finanz- und Investitionswirtschaft in der Unternehmung  |c Heinz Dieter Möser 
250 |a 2. überarb. Aufl. 
264 1 |a Landsberg am Lech  |b Moderne Industrie  |c 1993 
300 |a 349 s. 
610 2 0 |a financie podnikové 
610 2 0 |a hospodárenie podnikové 
610 2 0 |a investície 
610 2 0 |a kapitál 
610 2 0 |a podnik 
610 2 0 |a podnikanie 
610 2 0 |a peniaze 
610 2 0 |a lízing 
610 2 0 |a papiere cenné 
610 2 0 |a plánovanie 
610 2 0 |a kontrola 
100 1 |a Möser, Heinz Dieter